| 000 | 00831nac a22002291u 4500 | ||
|---|---|---|---|
| 008 | 100914t2004 nju|||||r|||| 001 0 eng d | ||
| 010 | _a2004273173 | ||
| 020 | _a0131247913 | ||
| 020 | _a9780131247918 | ||
| 082 | 0 | 0 |
_a629.89 _bSPA _222 |
| 100 |
_aSpasov, Peter. _919118 |
||
| 245 | 1 | 0 |
_aMicrocontroller Technology, the 68HC11 and 68HC12 / _cPeter Spasov. |
| 250 | _a5th ed. | ||
| 260 |
_aUpper Saddle River, N.J. : _bPearson/Prentice Hall, _cc2004. |
||
| 300 |
_axvi, 712 p. : _bill. ; _c25 cm. + _e1 CD-ROM (4 3/4 in.) |
||
| 504 | _aIncludes bibliographical references and index. | ||
| 538 | _aSystem requirements for accompanying computer disc: Windows 95 or higher. | ||
| 650 | 0 |
_aProgrammable controllers. _919119 |
|
| 650 | 0 |
_aDigital control systems. _919120 |
|
| 653 | _bEle | ||
| 942 |
_cBB _k629.89 SPA _2ddc |
||
| 999 |
_c947 _d947 |
||